90's - Statistics

General Stats
  • This quiz has been taken 21 times
    3 since last reset
  • The average score is 15 of 20
Answer Stats
9x by 9y Answer % Correct
91x93 8463
100%
92x94 8648
100%
92x95 8740
100%
92x96 8832
100%
93x95 8835
100%
92x97 8924
100%
93x96 8928
100%
91x99 9009
100%
93x99 9207
100%
94x98 9212
100%
94x99 9306
100%
95x98 9310
100%
96x97 9312
100%
96x98 9408
100%
97x98 9506
100%
97x99 9603
100%
98x99 9702
100%
91x94 8554
67%
92x93 8556
67%
91x98 8918
67%
94x96 9024
67%
91x92 8372
50%
91x95 8645
50%
91x96 8736
50%
93x94 8742
50%
91x97 8827
50%
92x98 9016
50%
93x97 9021
50%
93x98 9114
50%
94x97 9118
50%
95x97 9215
50%
94x95 8930
0%
92x99 9108
0%
95x96 9120
0%
95x99 9405
0%
96x99 9504
0%
No matching quizzes found
Score Distribution
Percent of People with Each Score
Percentile by Number Answered
Your Score History
You have not taken this quiz since the last reset